1109 1850 1564 1251 1408 1831 1300 1666 1680 1727 1970 1047 1075 1338 1585 1713 1405 1944 1981 1822 1509 1808 1679 1324 1134 1566 1582 1653 1003 1639 1907 1282 1915 1280 1419 1283 1754 1737 1564 1792 1113 1803 1970 1353 1446 1561 1344 1663 1067 1153 1044 1416 1526 1231 1214 1788 1380 1022 1045 1323 1368 1843 1727 1971 1449 1282 1560 1292 1851 1176 1547 1392 1555 1276 1791 1091 1483 1871 1441 1004 1966 1384 1985 1613 1200 1900 1754 1674 1707 1910 1549 1657 1936 1242 1370 1266 1534 1861 1326 BCNSPRNW ULIB Ver.6.0+V

เปลี่ยนเป็นภาษาไทย

Change to English
 แสดงรายละเอียดบรรณานุกรม
  กลับหน้าหลัก

Brief Record : Get Marc (ISO 2709) : E-mail record : QR code < ปิดหน้าต่าง
LEADER : 00000nas 2200000uu 4500
001    13399122481
003     ULIB
008    130704s||||||||th 000 0 tha d
022 0  1906-652x
110 1  สมาคมศิษย์เก่าพยาบาลตำรวจ
245 00 วารสารพยาบาลตำรวจ
246 0  Journal of the Police Nurses
310    ราย 6 เดือน
850 ^a ULIB^bปีที่ 3 ฉบับที่ 2 ;ปีที่ 4 ฉบับที่ 1 ;ปีที่ 4 ฉบับที่ 2 ;ปีที่ 5 ฉบับที่ 1 ฉ.1 ;ปีที่ 5 ฉบับที่ 2 ฉ.1 ;ปีที่ 6 ฉบับที่ 1 ฉ.1 ;ปีที่ 6 ฉบับที่ 2 ฉ.1
945    ^p0^l0^i901413
945    ^p0^l0^i901414
945    ^p0^l0^i901415
945    ^p0^l0^i902466
945    ^p0^l0^i902467
945    ^p0^l0^i903057
945    ^p0^l0^i903058
999    ^aเกษร โพธิ์สุวรรณ
รายการนี้ยังไม่มีแท็ก
คุณยังไม่ได้ล็อกอิน คุณสามารถมีกิจกรรมร่วมกับเว็บไซต์ได้ แต่ต้องล็อกอินก่อน ::
  ล็อกอิน

รายการสื่อสารสนเทศ (วารสาร)

ดูแบบ: กล่อง รายการ
ARRIVED
ปีที่ 3 ฉบับที่ 2
สถานที่: ห้องสมุดวิทยาเขตสวรรค์ประชารักษ์ >วารสาร
ARRIVED
ปีที่ 4 ฉบับที่ 1
สถานที่: ห้องสมุดวิทยาเขตสวรรค์ประชารักษ์ >วารสาร
ARRIVED
ปีที่ 4 ฉบับที่ 2
สถานที่: ห้องสมุดวิทยาเขตสวรรค์ประชารักษ์ >วารสาร
ARRIVED
ปีที่ 5 ฉบับที่ 1 ฉ.1
สถานที่: ห้องสมุดวิทยาเขตสวรรค์ประชารักษ์ >วารสาร
ARRIVED
ปีที่ 5 ฉบับที่ 2 ฉ.1
สถานที่: ห้องสมุดวิทยาเขตสวรรค์ประชารักษ์ >วารสาร
ARRIVED
ปีที่ 6 ฉบับที่ 1 ฉ.1
สถานที่: ห้องสมุดวิทยาเขตสวรรค์ประชารักษ์ >วารสาร
ARRIVED
ปีที่ 6 ฉบับที่ 2 ฉ.1
สถานที่: ห้องสมุดวิทยาเขตสวรรค์ประชารักษ์ >วารสาร

BibComment


ยังไม่เคยถูกคอมเมนท์

คอมเมนท์ทรัพยากรรายการนี้
  คอมเมนท์: วารสารพยาบาลตำรวจ


 Copyright 2026. Bcnsprnw @Library